<?xml version="1.0" encoding="UTF-8"?>
<collection xmlns="http://www.loc.gov/MARC21/slim">
 <record>
  <leader>01746nam a2200229Ia 4500</leader>
  <controlfield tag="001">CTU_196600</controlfield>
  <controlfield tag="008">210402s9999    xx            000 0 und d</controlfield>
  <datafield tag="020" ind1=" " ind2=" ">
   <subfield code="c">159000</subfield>
  </datafield>
  <datafield tag="082" ind1=" " ind2=" ">
   <subfield code="a">337.73</subfield>
  </datafield>
  <datafield tag="082" ind1=" " ind2=" ">
   <subfield code="b">P448</subfield>
  </datafield>
  <datafield tag="100" ind1=" " ind2=" ">
   <subfield code="a">Perkins, John</subfield>
  </datafield>
  <datafield tag="245" ind1=" " ind2="0">
   <subfield code="a">Lịch sử bí mật đế chế Hoa Kỳ :</subfield>
  </datafield>
  <datafield tag="245" ind1=" " ind2="0">
   <subfield code="b">Những sát thủ kinh tế, những kẻ đánh thuê và sự thật về nạn tham nhũng toàn cầu =The secret history of the American empire:  economic hit men, jackals, and the truth about global corruption</subfield>
  </datafield>
  <datafield tag="245" ind1=" " ind2="0">
   <subfield code="c">John Perkins ; Nhóm GoldenPages dịch</subfield>
  </datafield>
  <datafield tag="260" ind1=" " ind2=" ">
   <subfield code="a">Hà Nội</subfield>
  </datafield>
  <datafield tag="260" ind1=" " ind2=" ">
   <subfield code="b">Thế giới</subfield>
  </datafield>
  <datafield tag="260" ind1=" " ind2=" ">
   <subfield code="c">2014</subfield>
  </datafield>
  <datafield tag="520" ind1=" " ind2=" ">
   <subfield code="a">Lịch sử bí mật đế chế Hoa Kỳ vạch trần bản chất hàng loạt các vụ tham nhũng và tố cáo sự dối trá đang ngự trị khắp hành tinh: Cuộc cách mạng Mỹ Latinh và những bài học cho nền dân chủ.;Thất bại của Mỹ ở Việt Nam, Iraq và những phi vụ kếch sù.;Vai trò “Pháo đài Mỹ” của Israel ở Trung Đông;Những sai lầm của Mỹ tại Congo, Libanon, Venezuala; hững hệ lụy bi thảm của “Sự sụp đổ kinh tế châu Á” và “Sự hồi sinh châu Phi”; những âm mưu ám sát các tổng thống dân chủ.</subfield>
  </datafield>
  <datafield tag="650" ind1=" " ind2=" ">
   <subfield code="a">Corporations, American,Globalization,United States,Toàn cầu hóa,Mỹ,Công ty kinh doanh, Mỹ</subfield>
  </datafield>
  <datafield tag="650" ind1=" " ind2=" ">
   <subfield code="x">Social aspects,Foreign economic relations,Khía cạnh kinh tế,Quan hệ kinh tế đối ngoại</subfield>
  </datafield>
  <datafield tag="904" ind1=" " ind2=" ">
   <subfield code="i">Tuyến</subfield>
  </datafield>
  <datafield tag="980" ind1=" " ind2=" ">
   <subfield code="a">Trung tâm Học liệu Trường Đại học Cần Thơ</subfield>
  </datafield>
 </record>
</collection>
